Andy Yu

Maryland A


Categories

Fine Arts - Classical Music05015062110.4001
Science - Biology030130115125.6700
Geography03003088119.0000
Fine Arts - Other Fine Arts03003072106.3300
Religion020020102116.0001
Mythology0200206595.5000
Science - Other Science020120124127.0000
Science - Chemistry010110132132.0000
Social Science0100108787.0000
Other Academic010010119119.0000

Buzzes

Fine Arts - Classical Musicsymphony for concert band1062
Mythologyearth1065
Fine Arts - Other Fine Artsmoanin’1072
Social Sciencerunning1087
Geographymelons1088
Fine Arts - Classical Musicharp1093
Fine Arts - Classical Musicarabesque1096
ReligionGabriel10102
Fine Arts - Other Fine Arts“The Girl from Ipanema”10109
Science - Biologyerectile dysfunction10115